[Event "4NCL 3 South pool C"]
[Site "Daventry, ENG"]
[Date "2019.04.14"]
[Round "8.16"]
[White "Jones, Derek"]
[Black "Parker, Francis"]
[Result "1-0"]
[WhiteElo "1937"]
[BlackElo "1998"]
[PlyCount "127"]
[EventDate "2019.04.14"]
[WhiteTeam "Rhyfelwyr Essyllwg"]
[BlackTeam "Check Innmates 1"]

1. Nf3 d5 2. c4 c6 3. d4 e6 4. b3 Nf6 5. g3 Ne4 6. Bd2 Qf6 7. Nc3 Nxd2 8. Qxd2
Bb4 9. Bg2 dxc4 10. bxc4 c5 11. O-O Nc6 12. e3 O-O 13. a3 Ba5 14. Rad1 Rd8 15.
Qc2 Bxc3 16. Qxc3 Bd7 17. Ne5 cxd4 18. exd4 Rab8 19. Qe3 Ne7 20. h4 Nf5 21. Qf4
Ba4 22. Rd2 Nd6 23. Qe3 Nf5 24. Qc3 Qe7 25. c5 Qc7 26. Re1 Ne7 27. Be4 Ng6 28.
Nf3 Bc6 29. h5 Bxe4 30. Rxe4 Ne7 31. h6 Nd5 32. Qd3 g6 33. Rde2 Ne7 34. g4 Qxc5
35. Qe3 Qd6 36. Qg5 Nd5 37. Qh4 Nc3 38. Qf6 Nxe2+ 39. Rxe2 Qf8 40. g5 Rd5 41.
Ne5 Rxd4 42. Rc2 Rd5 43. Rc7 Rxe5 44. Qxe5 a6 45. Qf6 b5 46. Ra7 Rc8 47. Rxa6
Rc1+ 48. Kg2 Rc5 49. Kf1 Rf5 50. Qc3 Rc5 51. Qf3 Rd5 52. Ra7 f5 53. gxf6 Qc8
54. Qe3 Rd1+ 55. Kg2 Qc6+ 56. f3 Qc2+ 57. Kg3 Qc6 58. f7+ Kf8 59. Qe5 Rg1+ 60.
Kh2 Qc2+ 61. Kxg1 Qc1+ 62. Kf2 Qd2+ 63. Kg3 Qxh6 64. Qh8# 1-0

[Event "4NCL 3 South pool C"]
[Site "Daventry, ENG"]
[Date "2019.04.14"]
[Round "8.21"]
[White "Tukpetov, Evgeny"]
[Black "McKenna, Jason P"]
[Result "1-0"]
[WhiteElo "2179"]
[BlackElo "2125"]
[PlyCount "115"]
[EventDate "2019.04.14"]
[WhiteTeam "Kings Head"]
[BlackTeam "Oxford 2"]

1. b3 e5 2. Bb2 d6 3. e3 Nf6 4. Nf3 g6 5. d4 e4 6. Nfd2 Bg7 7. c4 c6 8. Nc3 d5
9. Ba3 Bf8 10. Bxf8 Kxf8 11. Be2 Kg7 12. Rc1 Re8 13. O-O Bf5 14. b4 h5 15. b5
Bg4 16. Qb3 Bxe2 17. Nxe2 Qe7 18. bxc6 bxc6 19. cxd5 cxd5 20. Nf4 Rd8 21. Rc5
Na6 22. Ra5 Nc7 23. Rc1 g5 24. Qb7 Rd7 25. Nh3 Rad8 26. Nxg5 Ng4 27. Nh3 Ne6
28. Qb3 Qh4 29. Nf1 f5 30. Ra6 Re7 31. Rcc6 Rde8 32. Qxd5 Nc7 33. Rg6+ Kh8 34.
Rh6+ Nxh6 35. Rxh6+ Rh7 36. Rxh7+ Kxh7 37. Qxf5+ Kh6 38. Nf4 Qg5 39. Qd7 Re7
40. Qd6+ Kh7 41. h4 Ne8 42. Qc6 Qg7 43. Ng3 Nf6 44. Nfxh5 Nxh5 45. Nxh5 Qf7 46.
a4 Re6 47. Qd5 Qe7 48. Ng3 Kh8 49. Qh5+ Kg8 50. Nf5 Qf6 51. Qg4+ Kf8 52. h5 Ra6
53. h6 Rxa4 54. h7 Ra1+ 55. Kh2 Qh8 56. Qg6 a5 57. Nd6 Ke7 58. Qg8 1-0

[Event "4NCL 3 South pool C"]
[Site "Daventry, ENG"]
[Date "2019.04.14"]
[Round "8.22"]
[White "Tyomkyn, Mikhail"]
[Black "Okike, David"]
[Result "1-0"]
[WhiteElo "2138"]
[BlackElo "2168"]
[PlyCount "111"]
[EventDate "2019.04.14"]
[WhiteTeam "Oxford 2"]
[BlackTeam "Kings Head"]

1. Nf3 d5 2. d4 c6 3. c4 Nf6 4. e3 e6 5. b3 Bb4+ 6. Nbd2 a5 7. a3 Be7 8. Bd3
Nbd7 9. Bb2 O-O 10. O-O Re8 11. e4 Nf8 12. e5 N6d7 13. c5 b6 14. b4 Ba6 15.
Bxa6 Rxa6 16. Qe2 Ra7 17. Rfc1 f6 18. Nb3 a4 19. cxb6 Nxb6 20. Na5 Rxa5 21.
bxa5 Nc4 22. Bc3 Bxa3 23. Rcb1 c5 24. dxc5 Bxc5 25. Rxa4 f5 26. Rba1 Qc7 27.
Nd2 Nxd2 28. Qxd2 Nd7 29. Qe1 Ra8 30. h3 Ra6 31. Bb2 Qa7 $11 32. Qd2 Qb8 33.
Qe2 Qa7 34. Qd2 Qb8 35. Qe2 Qa7 36. R1a2 h6 37. Ba3 Kh7 38. Kh2 Bf8 39. Bxf8
Nxf8 40. f4 Nd7 41. Qb5 Nc5 42. Rb4 Ne4 43. Qb7 d4 44. Qxa7 Rxa7 45. Rxd4 g5
46. fxg5 hxg5 47. a6 Kg6 48. Rb4 Nc5 49. Ra5 Rxa6 50. Rxc5 f4 51. h4 Kf5 52.
hxg5 Ra2 53. Rcc4 f3 54. Rf4+ Kxg5 55. Rxf3 Re2 56. Rb8 1-0

[Event "4NCL 3 South pool C"]
[Site "Daventry, ENG"]
[Date "2019.04.14"]
[Round "8.23"]
[White "McMichael, Richard J"]
[Black "Cole, James"]
[Result "1/2-1/2"]
[WhiteElo "2177"]
[BlackElo "2027"]
[PlyCount "68"]
[EventDate "2019.04.14"]
[WhiteTeam "Kings Head"]
[BlackTeam "Oxford 2"]

1. b3 e5 2. Bb2 Nc6 3. e3 d5 4. Bb5 Bd6 5. f4 Qh4+ 6. g3 Qe7 7. Nf3 f6 8. Qe2
Nh6 9. Nc3 Be6 10. O-O-O O-O 11. h3 e4 12. Nh4 Na5 13. Qf2 c6 14. Be2 b5 15. d3
exd3 16. Rxd3 Ba3 17. Rd4 Bxb2+ 18. Kxb2 Nc4+ 19. Bxc4 bxc4 20. e4 cxb3 21.
cxb3 a5 22. exd5 Bxd5 23. Re1 Qb7 24. Qd2 a4 25. Rxa4 Rxa4 26. Nxa4 Ra8 27. Qd4
Qf7 28. Nc3 Qf8 29. Nxd5 Qa3+ 30. Kc3 cxd5 31. Qxd5+ Kh8 32. Qc6 Ng8 33. Kd3
Qxa2 34. Ke4 Qxb3 1/2-1/2

[Event "4NCL 3 South pool C"]
[Site "Daventry, ENG"]
[Date "2019.04.14"]
[Round "8.24"]
[White "Alizada, Eldar"]
[Black "Gilfillan, Andrew"]
[Result "0-1"]
[WhiteElo "1953"]
[BlackElo "2095"]
[PlyCount "126"]
[EventDate "2019.04.14"]
[WhiteTeam "Oxford 2"]
[BlackTeam "Kings Head"]

1. d4 d5 2. Nf3 Nf6 3. c4 dxc4 4. e3 Bg4 5. Bxc4 e6 6. Nc3 a6 7. h3 Bh5 8. g4
Bg6 9. Ne5 Bd6 10. Nxg6 hxg6 11. Bf1 Nc6 12. Bg2 Qd7 13. a3 O-O-O 14. Qe2 e5
15. d5 Na7 16. Bd2 Rde8 17. O-O-O Kb8 18. Kb1 Nc8 19. Rc1 Bc5 20. g5 Nh7 21. h4
f5 22. gxf6 gxf6 23. h5 g5 24. Ne4 Bb6 25. Nc5 Bxc5 26. Rxc5 Nd6 27. e4 f5 28.
exf5 Qxf5+ 29. Ka1 Nf6 30. Qf3 Qxf3 31. Bxf3 g4 32. Be2 Nfe4 33. Rc2 Nxd2 34.
Rxd2 Ne4 35. Rc2 Nxf2 36. Rg1 Rxh5 37. Bxg4 Nxg4 38. Rxg4 e4 39. Re2 Rhe5 40.
b4 Kc8 41. Kb2 Kd7 42. Kc3 e3 43. Rd4 Kd6 44. Rd3 Re4 45. Kb3 R8e5 46. Kc3 Ke7
47. Rd1 Kd6 48. Rd3 Re7 49. Kc2 R7e5 50. Kc3 a5 51. Kb3 Ke7 52. Rc3 Kd6 53. Rd3
Re7 54. Kc3 axb4+ 55. axb4 R7e5 56. Kb3 b5 57. Rc3 Kxd5 58. Rxc7 Kd4 59. Rc3
Rf5 60. Kc2 Rf2 61. Rxf2 exf2 62. Rf3 Re2+ 63. Kb3 Re3+ 0-1

[Event "4NCL 3 South pool C"]
[Site "Daventry, ENG"]
[Date "2019.04.14"]
[Round "8.25"]
[White "Davey, Mark"]
[Black "Varney, Zoe"]
[Result "1/2-1/2"]
[WhiteElo "2110"]
[BlackElo "1979"]
[PlyCount "72"]
[EventDate "2019.04.14"]
[WhiteTeam "Kings Head"]
[BlackTeam "Oxford 2"]

1. e4 e5 2. Nf3 Nc6 3. Bb5 Nf6 4. O-O Nxe4 5. Re1 Nd6 6. Nxe5 Be7 7. Bxc6 dxc6
8. b3 O-O 9. Bb2 Bf5 10. d3 Bf6 11. Nd2 Re8 12. Ndf3 c5 13. Qd2 Nb5 14. Qf4 Be6
15. Qe3 Bg4 16. Qxc5 Bxf3 17. Qxb5 a6 18. Qc4 Bd5 19. Qf4 Qd6 20. Re3 Re6 21.
Qg3 Rae8 22. Rae1 Qb4 23. f4 Qe7 24. Qg4 Qc5 25. c4 Bxe5 26. fxe5 Rg6 27. Qh3
Rxg2+ 28. Qxg2 Bxg2 29. Kxg2 Re6 30. d4 Qa5 31. d5 Rg6+ 32. Kf2 Qxa2 33. R1e2
Qb1 34. e6 Qg1+ 35. Kf3 Qg4+ 36. Kf2 Qg1+ 1/2-1/2

[Event "4NCL 3 South pool C"]
[Site "Daventry, ENG"]
[Date "2019.04.14"]
[Round "8.26"]
[White "Olehnovics, Andrejs"]
[Black "Coles, Steven F"]
[Result "1/2-1/2"]
[WhiteElo "1997"]
[BlackElo "1976"]
[PlyCount "88"]
[EventDate "2019.04.14"]
[WhiteTeam "Oxford 2"]
[BlackTeam "Kings Head"]

1. d4 Nf6 2. Nf3 e6 3. c4 b6 4. a3 Ba6 5. Qa4 c5 6. Bf4 Bb7 7. Nbd2 Be7 8. e3
O-O 9. Be2 d6 10. h3 Nbd7 11. O-O Qc8 12. b4 Rd8 13. Rfd1 Nf8 14. Rac1 Qc6 15.
Qb3 Rac8 16. dxc5 dxc5 17. b5 Qe8 18. Ne5 Ng6 19. Nxg6 hxg6 20. Bf3 Bxf3 21.
Nxf3 Nd7 22. Rd2 f6 23. e4 e5 24. Be3 Nf8 25. Rcd1 Ne6 26. Rxd8 Rxd8 27. Rd5
Nc7 28. Rd3 Rxd3 29. Qxd3 Qd8 30. Qxd8+ Bxd8 31. Nd2 Ne6 32. Nb1 Kf7 33. Kf1 f5
34. f3 Bg5 35. Bxg5 Nxg5 36. Nc3 Ke6 37. Ke2 Kd6 38. h4 Ne6 39. Nd5 f4 40. Kd3
Nd4 41. Kc3 Ne2+ 42. Kd2 Nd4 43. Kc3 Ne2+ 44. Kb2 Nd4 1/2-1/2

[Event "4NCL 3 South pool C"]
[Site "Daventry, ENG"]
[Date "2019.04.14"]
[Round "8.31"]
[White "Moloney, Nicholas R"]
[Black "Briscoe, Chris"]
[Result "1/2-1/2"]
[WhiteElo "2157"]
[BlackElo "2207"]
[PlyCount "149"]
[EventDate "2019.04.14"]
[WhiteTeam "Fermented Sharks"]
[BlackTeam "Surbiton"]

1. d4 Nf6 2. c4 e6 3. Nc3 Bb4 4. e3 b6 5. Nge2 O-O 6. a3 Bxc3+ 7. Nxc3 Bb7 8.
Bd3 d6 9. O-O e5 10. Qc2 Re8 11. d5 c6 12. e4 cxd5 13. cxd5 Nbd7 14. b4 Qe7 15.
Qe2 Rec8 16. Bd2 Nf8 17. Rfc1 Ng6 $11 18. g3 Ne8 19. a4 a6 20. Nd1 Rxc1 21.
Rxc1 Nf8 22. Ne3 g6 23. f4 Nd7 24. f5 a5 25. bxa5 bxa5 26. fxg6 hxg6 27. Nc4
Qd8 28. Rb1 Nc5 29. Be3 Qc7 30. Bxc5 Qxc5+ 31. Qe3 Qxe3+ 32. Nxe3 Ba6 33. Bxa6
Rxa6 34. Rb8 Kf8 35. Ng4 Ke7 36. Rb7+ Kd8 37. Rxf7 Rb6 38. Nf6 Rb1+ 39. Kg2
Rb2+ 40. Kg1 Rb1+ 41. Kg2 Rb2+ 42. Kf3 Rxh2 43. Nxe8 Kxe8 44. Rg7 Ra2 45. Rxg6
Ke7 46. Rg7+ Kf6 47. Rd7 Kg5 48. Rxd6 Ra3+ 49. Kg2 Ra2+ 50. Kh3 Rxa4 51. Ra6
Rxe4 52. Rxa5 Rd4 53. d6 Kf5 54. g4+ Kf4 55. Ra1 Rd3+ 56. Kh4 e4 57. Rf1+ Ke5
58. g5 e3 59. g6 Rxd6 60. Kg5 Rd2 61. g7 Rg2+ 62. Kh6 e2 63. Ra1 Kf6 64. Ra6+
Kf5 65. Ra5+ $11 Ke4 66. Ra4+ Kf5 67. Ra5+ Kf4 68. Ra4+ Ke3 69. Ra3+ Kf2 70.
Ra2 Kf1 71. Rxe2 Rxe2 72. g8=Q Rh2+ 73. Kg6 Rg2+ 74. Kf7 Rxg8 75. Kxg8 1/2-1/2

[Event "4NCL 3 South pool C"]
[Site "Daventry, ENG"]
[Date "2019.04.14"]
[Round "8.32"]
[White "Seymour, Timothy P"]
[Black "Agnew, Alan"]
[Result "1-0"]
[WhiteElo "2123"]
[BlackElo "2086"]
[PlyCount "53"]
[EventDate "2019.04.14"]
[WhiteTeam "Surbiton"]
[BlackTeam "Fermented Sharks"]

1. d4 Nf6 2. Nf3 g6 3. c4 Bg7 4. e3 O-O 5. Be2 c5 6. d5 d6 7. Nc3 e6 8. O-O
exd5 9. cxd5 Re8 10. Nd2 a6 11. a4 Nbd7 12. Nc4 Ne5 13. Na3 g5 14. f4 gxf4 15.
exf4 Neg4 16. Nc4 Nh6 17. f5 Nxf5 18. Bd3 Ne7 19. Bg5 Ng4 20. Ne4 Bd4+ 21. Kh1
f6 22. Nxf6+ Nxf6 23. Bxf6 Bxf6 24. Rxf6 Ng6 25. Bxg6 Qxf6 26. Bxe8 Qf4 27. Qf1
1-0

[Event "4NCL 3 South pool C"]
[Site "Daventry, ENG"]
[Date "2019.04.14"]
[Round "8.33"]
[White "Farkas, Daniel"]
[Black "Scott, David A"]
[Result "0-1"]
[WhiteElo "2091"]
[BlackElo "2156"]
[PlyCount "96"]
[EventDate "2019.04.14"]
[WhiteTeam "Fermented Sharks"]
[BlackTeam "Surbiton"]

1. d4 Nf6 2. Bf4 d5 3. e3 c5 4. c3 Nc6 5. Nd2 cxd4 6. exd4 Bf5 7. Qb3 Qc8 8.
Ngf3 e6 9. Be2 h6 10. O-O Nh5 11. Be3 Nf6 12. Ne5 Bd6 13. f4 O-O 14. Rae1 Ne4
15. Nxe4 Bxe4 16. Bf3 Bxf3 17. Rxf3 Ne7 18. Bf2 Qc7 19. g4 Rae8 20. Bg3 Bxe5
21. Rxe5 Nc6 22. Re2 f5 23. h3 b6 24. Qd1 g6 25. Qe1 Qd7 26. Rfe3 Kf7 27. Bh2
Qe7 28. Bg3 Na5 29. b3 Nb7 30. c4 Qd7 31. gxf5 gxf5 32. Re5 dxc4 33. Qd1 Rg8
34. Kf2 Nd6 35. d5 Kf8 36. Bh4 Ne4+ 37. R2xe4 fxe4 38. bxc4 exd5 39. Qh5 e3+
40. Kf1 Qxh3+ 41. Ke2 Qh2+ 42. Kf3 Qh1+ 43. Ke2 Rg2+ 44. Kd3 Qb1+ 45. Kxe3
Rxe5+ 46. Qxe5 Qg1+ 47. Kd3 Qd1+ 48. Kc3 Qc2+ 0-1

[Event "4NCL 3 South pool C"]
[Site "Daventry, ENG"]
[Date "2019.04.14"]
[Round "8.34"]
[White "Faulks, Nick"]
[Black "Voyiakis, Emmanuel"]
[Result "0-1"]
[WhiteElo "1925"]
[BlackElo "2022"]
[PlyCount "86"]
[EventDate "2019.04.14"]
[WhiteTeam "Surbiton"]
[BlackTeam "Fermented Sharks"]

1. e4 c5 2. Nf3 d6 3. d4 cxd4 4. Nxd4 Nf6 5. Nc3 g6 6. Be2 Bg7 7. O-O O-O 8.
Re1 Nc6 9. Nb3 Be6 10. Bf1 Rc8 11. Bg5 Na5 12. Nd5 Nc4 13. Bxc4 Rxc4 14. Nxf6+
exf6 15. Bh4 d5 16. exd5 Bxd5 17. Bg3 f5 18. Be5 Be4 19. Bxg7 Kxg7 20. c3 Qg5
21. f3 Rd8 22. Qe2 Bd5 23. Rad1 Rcc8 24. Qe5+ f6 25. Qe7+ Kh6 26. Rxd5 Rxd5 27.
Qxb7 Rdd8 28. Qxa7 Ra8 29. Qc7 Rdb8 30. Qf7 Rxa2 31. Re7 Kh5 32. Qxh7+ Qh6 33.
g4+ fxg4 34. fxg4+ Kg5 35. Qf7 Rxb2 36. Qd5+ f5 37. Nd2 Rb1+ 38. Kg2 R8b2 39.
Qd8 Kxg4 40. Qd4+ Qf4 41. h3+ Kg5 42. Re2 Qxd4 43. cxd4 Kh5 0-1

[Event "4NCL 3 South pool C"]
[Site "Daventry, ENG"]
[Date "2019.04.14"]
[Round "8.35"]
[White "George, Matthew P"]
[Black "Sheard, Jack"]
[Result "1/2-1/2"]
[WhiteElo "2000"]
[BlackElo "1720"]
[PlyCount "33"]
[EventDate "2019.04.14"]
[WhiteTeam "Fermented Sharks"]
[BlackTeam "Surbiton"]

1. e4 b6 2. d4 Bb7 3. Bd3 e6 4. Nc3 Nf6 5. Nge2 d5 6. exd5 Nxd5 7. O-O Nd7 8.
Nxd5 Bxd5 9. Re1 Nf6 10. c4 Bb7 11. d5 Qd7 12. Ng3 O-O-O 13. Bg5 Kb8 14. Qb3
exd5 15. Bxf6 dxc4 16. Bxc4 Qc6 17. Bf1 1/2-1/2

[Event "4NCL 3 South pool C"]
[Site "Daventry, ENG"]
[Date "2019.04.14"]
[Round "8.36"]
[White "Alcock, Graham P"]
[Black "Dydak, Mateusz"]
[Result "0-1"]
[WhiteElo "1750"]
[BlackElo "1875"]
[PlyCount "68"]
[EventDate "2019.04.14"]
[WhiteTeam "Surbiton"]
[BlackTeam "Fermented Sharks"]

1. e4 c5 2. d4 cxd4 3. c3 dxc3 4. Nxc3 e6 5. Nf3 Bc5 6. Bc4 Ne7 7. O-O Ng6 8.
a3 O-O 9. b4 Be7 10. Bb2 Qc7 11. Bb3 a6 12. Rc1 Nc6 13. Re1 b5 14. Nd4 Qb6 15.
Nce2 Bb7 16. Kh1 a5 17. Nxc6 Bxc6 18. bxa5 Qxf2 19. Bd4 Qh4 20. Ng3 Bxa3 21.
Ra1 Bb4 22. Rf1 Bxa5 23. Bc5 Bc7 24. Kg1 Rxa1 25. Qxa1 Ra8 26. Qd4 Be5 27. Qe3
Bxg3 28. hxg3 Qxe4 29. Qf2 f6 30. Re1 Qd3 31. Bc2 Qc4 32. Bb1 Ne5 33. Be7 Ng4
34. Qb2 b4 {Time} 0-1

[Event "4NCL 3 South pool C"]
[Site "Daventry, ENG"]
[Date "2019.04.14"]
[Round "8.41"]
[White "Gibbs, Dominic V"]
[Black "Frostick, Clive A"]
[Result "1-0"]
[WhiteElo "1946"]
[BlackElo "2121"]
[PlyCount "79"]
[EventDate "2019.04.14"]
[WhiteTeam "Iceni 1"]
[BlackTeam "CSC 1"]

1. e4 c5 2. c3 d5 3. exd5 Qxd5 4. d4 Nc6 5. Nf3 e5 6. dxe5 Qxd1+ 7. Kxd1 Bg4 8.
Bf4 Nge7 9. Kc2 Ng6 10. Bg3 h5 11. h3 Bxf3 12. gxf3 h4 13. Bh2 Ngxe5 14. Nd2
O-O-O 15. f4 Ng6 16. Bc4 Bd6 17. Bxf7 Nxf4 18. Ne4 Bc7 19. Nxc5 Rdf8 20. Bxf4
Rxf7 21. Be3 Bf4 22. Rag1 Bxe3 23. fxe3 Re8 24. Rg4 Rxe3 25. Rxh4 Rf2+ 26. Kb3
b6 27. Ne4 Na5+ 28. Ka3 Rfe2 29. Nd6+ Kd7 30. Rd1 Ke6 31. Nb5 Rf2 32. Nxa7 Ree2
33. Rb1 Kf5 34. Nb5 Re5 35. Nd6+ Ke6 36. Nc4 Nxc4+ 37. Rxc4 b5 38. Rc6+ Kf5 39.
Rc8 Rh2 40. Rf8+ 1-0

[Event "4NCL 3 South pool C"]
[Site "Daventry, ENG"]
[Date "2019.04.14"]
[Round "8.42"]
[White "Kalitsis, Nikolaos"]
[Black "Ruthen, Stephen W"]
[Result "1-0"]
[WhiteElo "2046"]
[BlackElo "2014"]
[PlyCount "93"]
[EventDate "2019.04.14"]
[WhiteTeam "CSC 1"]
[BlackTeam "Iceni 1"]

1. e4 e5 2. b3 Nf6 3. Bb2 Nc6 4. Nf3 Bc5 5. Nxe5 d5 6. Nxc6 bxc6 7. d4 Bb4+ 8.
c3 Be7 9. e5 Ne4 10. Bd3 O-O 11. O-O f6 12. f3 Ng5 13. f4 Ne4 14. Bxe4 dxe4 15.
Qe2 fxe5 16. fxe5 Rxf1+ 17. Kxf1 Qf8+ 18. Kg1 Qf4 19. g3 Bg4 20. gxf4 Bxe2 21.
Kf2 Bd3 22. Ke3 Rf8 23. Nd2 g5 24. Rg1 h6 25. Nxe4 Bxe4 26. Kxe4 Rxf4+ 27. Ke3
Rh4 28. Rg2 Kf7 29. c4 Ke6 30. Rd2 Kf5 31. Kf3 g4+ 32. Kg2 Bg5 33. Rf2+ Bf4 34.
Kg1 Ke4 35. Rxf4+ Kxf4 36. e6 g3 37. e7 Rxh2 38. Bc1+ Kf3 39. e8=Q Rg2+ 40. Kf1
Rh2 41. Qe3+ Kg4 42. Qf4+ Kh3 43. Qxh6+ Kg4 44. Qf4+ Kh3 45. Qf5+ Kh4 46. Bg5+
Kh5 47. Bf6+ 1-0

[Event "4NCL 3 South pool C"]
[Site "Daventry, ENG"]
[Date "2019.04.14"]
[Round "8.43"]
[White "Sagues, Vincent"]
[Black "Fegan, Chris"]
[Result "1/2-1/2"]
[WhiteElo "1961"]
[BlackElo "2038"]
[PlyCount "34"]
[EventDate "2019.04.14"]
[WhiteTeam "Iceni 1"]
[BlackTeam "CSC 1"]

1. e4 c5 2. Nf3 d6 3. d4 cxd4 4. Nxd4 Nf6 5. f3 g6 6. c4 Bg7 7. Nc3 a6 8. Be3
Nbd7 9. Qd2 h6 10. Be2 Ne5 11. Rc1 Bd7 12. O-O Rc8 13. Nd5 Nc6 14. Nxc6 Rxc6
15. b3 h5 16. Bd4 O-O 17. Nxf6+ Bxf6 1/2-1/2

[Event "4NCL 3 South pool C"]
[Site "Daventry, ENG"]
[Date "2019.04.14"]
[Round "8.44"]
[White "Amato, Giampiero"]
[Black "Reynolds, D Ian W"]
[Result "1/2-1/2"]
[WhiteElo "1994"]
[BlackElo "2017"]
[PlyCount "114"]
[EventDate "2019.04.14"]
[WhiteTeam "CSC 1"]
[BlackTeam "Iceni 1"]

1. e4 e5 2. Nf3 Nc6 3. Bb5 a6 4. Ba4 Nf6 5. O-O Be7 6. Re1 b5 7. Bb3 O-O 8. h3
d6 9. c3 Nb8 10. d4 Nbd7 11. Nbd2 Bb7 12. Bc2 Re8 13. Nf1 Bf8 14. Ng3 g6 15.
Bg5 Bg7 16. Qd2 c6 17. Rad1 Qc7 18. Bh6 Bc8 19. Bxg7 Kxg7 20. Bb3 Nf8 21. Ng5
Ne6 22. Nxe6+ Bxe6 23. Bxe6 fxe6 24. dxe5 dxe5 25. Qd6 Rac8 26. Re2 Qxd6 27.
Rxd6 Kf7 28. Red2 Ke7 29. Kf1 Nd5 30. exd5 Kxd6 31. Ne4+ Kd7 32. d6 Rf8 33.
Nc5+ Kd8 34. Nxe6+ Kd7 35. Nc5+ Kd8 36. Nb7+ Kd7 37. Nc5+ Kd8 38. d7 Ra8 39.
Ne6+ Ke7 40. Nxf8 Rxf8 41. Ke2 Rd8 42. Kf3 Rxd7 43. Rxd7+ Kxd7 44. Ke4 Ke6 45.
h4 a5 46. g3 a4 47. g4 Kf6 48. b3 axb3 49. axb3 h6 50. Kd3 g5 51. h5 Ke6 52. c4
bxc4+ 53. Kxc4 Kd6 54. b4 Kc7 55. Kd3 Kd6 56. Kc4 Kc7 57. Kd3 Kd6 1/2-1/2

[Event "4NCL 3 South pool C"]
[Site "Daventry, ENG"]
[Date "2019.04.14"]
[Round "8.45"]
[White "Downham, Alan F"]
[Black "Stayt, James N"]
[Result "1/2-1/2"]
[WhiteElo "1967"]
[BlackElo "1919"]
[PlyCount "71"]
[EventDate "2019.04.14"]
[WhiteTeam "Iceni 1"]
[BlackTeam "CSC 1"]

1. c4 Nf6 2. g3 g6 3. Bg2 Bg7 4. Nc3 O-O 5. e4 d6 6. Nge2 e5 7. O-O c6 8. d3 a5
9. h3 Nbd7 10. Be3 Nc5 11. Qd2 Re8 12. Rad1 Ne6 13. f4 Nd7 14. f5 Nd4 15. g4 c5
16. Nd5 Nxe2+ 17. Qxe2 Nb6 18. Qf2 Nxd5 19. exd5 gxf5 20. gxf5 Bf6 21. Be4 Kh8
22. Kh1 Bd7 23. Rg1 Qe7 24. Rg4 Rg8 25. Rdg1 Rxg4 26. Rxg4 Rg8 27. Qg2 Qd8 28.
b3 Rxg4 29. Qxg4 Qg8 $11 30. Kg2 Qg7 31. Kg3 Kg8 32. Bh6 Qxg4+ 33. hxg4 Bg7 34.
Bd2 b6 35. Kh4 f6 36. a3 1/2-1/2

[Event "4NCL 3 South pool C"]
[Site "Daventry, ENG"]
[Date "2019.04.14"]
[Round "8.46"]
[White "Frostick, Helen M"]
[Black "Feavyour, John A"]
[Result "1/2-1/2"]
[WhiteElo "1951"]
[BlackElo "1960"]
[PlyCount "55"]
[EventDate "2019.04.14"]
[WhiteTeam "CSC 1"]
[BlackTeam "Iceni 1"]

1. e4 c5 2. Nf3 d6 3. Bb5+ Bd7 4. Bxd7+ Qxd7 5. O-O Nc6 6. c4 Nf6 7. Nc3 g6 8.
d4 cxd4 9. Nxd4 Bg7 10. Nc2 O-O 11. f3 Rac8 12. Bd2 Ne5 13. b3 a6 14. Ne3 Nc6
15. Rc1 e6 16. Be1 Bh6 17. Bf2 Rcd8 18. Qe2 Nd4 19. Qd3 e5 20. Rcd1 Nh5 21.
Ncd5 f5 22. Nc2 fxe4 23. Qxe4 Nxc2 24. Qxc2 Bg7 25. Qd2 Qe6 26. Bb6 Rd7 27. Nc7
Qf7 28. Nd5 1/2-1/2

[Event "4NCL 3 South pool C"]
[Site "Daventry, ENG"]
[Date "2019.05.04"]
[Round "9.11"]
[White "Pozimski, Szymon"]
[Black "Martin, Lewis"]
[Result "1-0"]
[WhiteElo "2010"]
[BlackElo "2196"]
[PlyCount "123"]
[EventDate "2019.05.04"]
[WhiteTeam "Oxford 2"]
[BlackTeam "Check Innmates 1"]

1. Nf3 c5 2. c4 Nf6 3. b3 d6 4. g3 e5 5. Bg2 Nc6 6. O-O Be7 7. Bb2 Bg4 8. d3
Qd7 9. Re1 O-O-O 10. a3 Bh3 11. b4 Bxg2 12. Kxg2 h5 13. h4 Ng4 14. Rh1 f5 15.
Nc3 f4 16. Nd5 fxg3 17. fxg3 Nd4 18. Bxd4 exd4 19. Nh2 Ne3+ 20. Nxe3 dxe3 21.
Nf3 Bf6 22. Rb1 Rde8 23. a4 Rhf8 24. bxc5 dxc5 25. Rb5 Qc6 26. Rf1 g5 27. hxg5
Bxg5 28. d4 Be7 29. d5 Qc7 30. Nh2 Bd6 31. Rxf8 Rxf8 32. Nf3 Bxg3 33. Qh1 Bf2
34. Qh3+ Kb8 35. Qh2 Qxh2+ 36. Nxh2 Rg8+ 37. Kf3 h4 38. Rxc5 h3 39. d6 Bg1 40.
Ng4 Rh8 41. d7 h2 42. Rh5 Rf8+ 43. Ke4 Kc7 44. Nxh2 Kxd7 45. Ng4 Re8+ 46. Kd3
Kc7 47. Nf6 Re6 48. Nd5+ Kc6 49. Rh7 Bf2 50. Rc7+ Kd6 51. Rxb7 a5 52. Kd4 Bg3
53. c5+ Kc6 54. Rb6+ Kd7 55. Rxe6 Kxe6 56. Nb6 Be1 57. Nc4 Kd7 58. Kd5 Bd2 59.
Na3 Bb4 60. Nb5 Be1 61. c6+ Kc8 62. Kc5 1-0

[Event "4NCL 3 South pool C"]
[Site "Daventry, ENG"]
[Date "2019.05.04"]
[Round "9.12"]
[White "Headlong, Timothy"]
[Black "Moyse, Nigel John"]
[Result "1/2-1/2"]
[WhiteElo "2127"]
[BlackElo "2061"]
[PlyCount "63"]
[EventDate "2019.05.04"]
[WhiteTeam "Check Innmates 1"]
[BlackTeam "Oxford 2"]

1. Nf3 Nf6 2. c4 d6 3. d4 g6 4. Nc3 Bg7 5. e4 O-O 6. Be2 e5 7. d5 a6 8. Bg5 h6
9. Bh4 Qe8 10. Nd2 Nbd7 11. b4 Nh7 12. Rc1 Ndf6 13. O-O Kh8 14. c5 g5 15. Bg3
Qe7 16. cxd6 cxd6 17. Nc4 Bd7 18. Nb6 Rab8 19. a4 Be8 20. a5 Nd7 21. Nca4 Nhf6
22. f3 Nh5 23. Nc8 Qf6 24. Re1 Rg8 25. Qc2 Nf4 26. Bf1 Bf8 27. Qc7 g4 28. fxg4
Rxg4 29. Nab6 Qg7 30. Nxd7 Rxg3 31. hxg3 Qxg3 32. Qc3 1/2-1/2

[Event "4NCL 3 South pool C"]
[Site "Daventry, ENG"]
[Date "2019.05.04"]
[Round "9.13"]
[White "Alizada, Eldar"]
[Black "Truran, Michael C"]
[Result "1/2-1/2"]
[WhiteElo "1953"]
[BlackElo "2148"]
[PlyCount "34"]
[EventDate "2019.05.04"]
[WhiteTeam "Oxford 2"]
[BlackTeam "Check Innmates 1"]

1. d4 Nf6 2. c4 c5 3. d5 e5 4. Nc3 d6 5. e4 Be7 6. Bd3 O-O 7. Nge2 Nh5 8. O-O
Bg5 9. a3 Bxc1 10. Qxc1 Na6 11. Rb1 Bd7 12. Qe3 h6 13. b4 Rc8 14. b5 Nb8 15.
Ng3 Nxg3 16. Qxg3 Qg5 17. a4 Rce8 1/2-1/2

[Event "4NCL 3 South pool C"]
[Site "Daventry, ENG"]
[Date "2019.05.04"]
[Round "9.14"]
[White "Duncan, Patrick C M"]
[Black "Nataraj, Nakul"]
[Result "1-0"]
[WhiteElo "2021"]
[BlackElo "1990"]
[PlyCount "109"]
[EventDate "2019.05.04"]
[WhiteTeam "Check Innmates 1"]
[BlackTeam "Oxford 2"]

1. b3 e5 2. Bb2 Nc6 3. e3 d6 4. Nf3 Nf6 5. d4 e4 6. Nfd2 Bf5 7. Be2 Be7 8. c4
Nb8 9. d5 O-O 10. Nc3 Re8 11. g4 Bg6 12. g5 Nfd7 13. Ndxe4 Bxg5 14. Nxg5 Qxg5
15. h4 Qe7 16. h5 Bf5 17. h6 g6 18. Qd4 f6 19. O-O-O Na6 20. Bd3 Bxd3 21. Qxd3
Ne5 22. Qd4 Rad8 23. Kb1 c6 24. Ne2 Nc7 25. Nf4 c5 26. Qc3 b5 27. Ka1 a5 28.
Rhg1 a4 29. bxa4 bxc4 30. Ne2 Qf7 31. Nf4 Ra8 32. Nh5 Rf8 33. f4 Nxd5 34. Nxf6+
Qxf6 35. Rxd5 Nd7 36. Rxd6 Qxc3 37. Bxc3 Ra7 38. Rgd1 Rf7 39. a5 Nf8 40. Kb2
Rfe7 41. Re1 Ne6 42. Kc2 Nc7 43. Rc6 Nd5 44. Rxc5 Rad7 45. Bd2 Nf6 46. Rxc4 Ne4
47. Bc3 Rc7 48. Rxc7 Rxc7 49. Kd3 Nxc3 50. Rc1 Nb5 51. Rxc7 Nxc7 52. Kc4 Kf7
53. Kc5 Ke6 54. Kb6 Nd5+ 55. Kb7 1-0

[Event "4NCL 3 South pool C"]
[Site "Daventry, ENG"]
[Date "2019.05.04"]
[Round "9.15"]
[White "Cont, Arya"]
[Black "Richmond, Peter"]
[Result "0-1"]
[WhiteElo "1986"]
[BlackElo "2075"]
[PlyCount "38"]
[EventDate "2019.05.04"]
[WhiteTeam "Oxford 2"]
[BlackTeam "Check Innmates 1"]

1. b3 e5 2. Bb2 d6 3. e3 Nc6 4. Bb5 Bd7 5. d4 Qg5 6. Nf3 Qxg2 7. Rg1 Qh3 8. Rg3
Qh6 9. dxe5 O-O-O 10. exd6 Nf6 11. dxc7 Kxc7 12. Nbd2 Bd6 13. Rg2 Rhe8 14. Qe2
Nd5 15. Qc4 Rxe3+ 16. fxe3 Nxe3 17. Qxf7 Nxg2+ 18. Kf2 Rf8 19. Qxg7 Qxd2+ 0-1

[Event "4NCL 3 South pool C"]
[Site "Daventry, ENG"]
[Date "2019.05.04"]
[Round "9.16"]
[White "Hackett, Dave G"]
[Black "Panicker, Raj"]
[Result "1/2-1/2"]
[WhiteElo "2073"]
[BlackElo "1960"]
[PlyCount "74"]
[EventDate "2019.05.04"]
[WhiteTeam "Check Innmates 1"]
[BlackTeam "Oxford 2"]

1. e4 c5 2. Nc3 g6 3. g3 Bg7 4. Bg2 Nc6 5. d3 Nf6 6. f4 d6 7. Nf3 O-O 8. O-O
Bg4 9. h3 Bxf3 10. Qxf3 Nd4 11. Qf2 Rb8 12. Nd1 b5 13. c3 Ne6 14. f5 Nc7 15. g4
b4 16. c4 Nd7 17. g5 f6 18. Qg3 Ne5 19. gxf6 Bxf6 20. Bh6 Bg7 21. Bxg7 Kxg7 22.
Ne3 Ne8 23. fxg6 hxg6 24. Nf5+ Kg8 25. Nh4 Rxf1+ 26. Rxf1 Kg7 27. Nf5+ Kg8 28.
Qg5 Nf6 29. Nxe7+ Qxe7 30. Qxf6 Qxf6 31. Rxf6 Rd8 32. Bf1 Kg7 33. Rf2 a5 34.
Kg2 g5 35. Rd2 Rh8 36. Kg3 Nc6 37. Rf2 Ne5 1/2-1/2